000 01231nam a2200229 u 4500
001 000020460
005 20200930011121.0
008 100813s2015 dr ac r 000 0 spa d
020 _a9789945083811
040 _aDO-SdBNP
_bspa
_cBNPHU
082 _axxxx
_bR789i
100 1 _aRosario Fernández, Reina Cristina
_943140
245 1 0 _aIdentidades de la población de origen jamaiquino en el Caribe costarricense :
_b(Segunda mitad del siglo xx) /
_cReina Cristina Rosario Fernández.
260 _aSanto Domingo :
_bCocolo,
_c2015.
300 _a453 p. :
_bil., retrs. ;
_c24 cm.
500 _aIncluye índices
500 _aIncluye datos biográficos del autor en la solapa de la cubierta
500 _aIncluye referencias bibliográficas y notas al pie de las páginas
504 _aBibliografía : p. 405-435
505 0 _tCapítulo 1--
_gOrígenes de la comunidad jamaiquina del Caribe costarricense ; los primeros discursos identitarios (1872-1950) --
_tCapítulo 2 --
_gContexto sociopolítico de la provincia de Limón en la segunda mitad del siglo xx --
_tCapítulo 3 --
_gDesde la ciudadanía a la identidad negociad, 1950-1970 --
_tCapítulo 4 --
_gLos y las afrocostarricenses 1970-2000.
590 _aInventariado, 2019/BT
999 _c19964
_d19964